Sports Quiz

Random Sports Quiz

Mets' Longest Hit Streaks Quiz Stats

 Plays Quiz not verified by Sporcle

Score 0/14 Timer 03:00
0 Plays Today
Streak Answer % Correct
26David Wright
91.6%
20David Wright
91.6%
20Jose Reyes
84.4%
24Mike Piazza
81.3%
21Mike Piazza
81.3%
23John Olerud
70.5%
20Edgardo Alfonzo
60.1%
Streak Answer % Correct
23Cleon Jones
50.5%
20Tommie Agee
45.1%
30Moises Alou
33.4%
24Hubie Brooks
32.1%
20Cliff Floyd
30%
23Mike Vail
20.1%
20Butch Huskey
11.5%

You're not logged in!

Compare scores with friends on all Sporcle quizzes.
OR
Log In

You Might Also Like...

Show Comments

Extras

Created Mar 10, 2016ReportNominate
Tags:New York Mets

Top Quizzes Today


Score Distribution

Your Account Isn't Verified!

In order to create a playlist on Sporcle, you need to verify the email address you used during registration. Go to your Sporcle Settings to finish the process.

Report this User

Report this user for behavior that violates our Community Guidelines.

Details: